Представление документа в формате MARC21

Поле Инд. ПП Название Значение
Тип записи a
Библиографический уровень m
001 Контрольный номер UNIDUBNAf51331acaa99440ab58de6193b6ec965
005 Дата корректировки 20260529164111.1
008 Кодируемые данные 20260529
084 a Индекс другой классификации/Индекс ББК 88
090 a Полочн. индекс 95.2+88
099 a Индекс 82949
245 a Заглавие Психология. Журнал Высшей Школы Экономики
n Номер части/ раздела №1/2026. Т. 23
c Ответственность учредитель: Нац. исследовательский ун-т "Высшая школа экономики"; гл. ред. В. А. Петровский
246 a Другая форма заглавия Psychology. Journal of the Higher School of Economics
260 c Дата издания 2026
b Издательство НИУ ВШЭ
a Место издания Москва
300 a Объем 130 с.
500 a Примечание Журнал
650 a Основная рубрика психология
773 w Контрольный № источника RU/IS/BASE/407346222
901 t Тип документа s
952 a Тип литературы для КСУ ВШ НЖ
991 s 2